Stážisti majú náskok

Príležiotosť vidieť, ako to vo firme v skutočnosti funguje, ponúka na Slovensku viacej firiem. Najviac stáží je v adminstratíve, v informačných technológiách a v obchode. Trainee program je určený pre čerstvých absolventov vysokých škôl. Trainee program sa skladá aj z mentoringu manažérom, taktiež...

Full description

Saved in:
Bibliographic Details
Main Author: Ksenzsighová, Beata
Format: Book Chapter
Language:Slovak
Subjects:
Tags: Add Tag
No Tags, Be the first to tag this record!

MARC

LEADER 00000naa a2200000 4500
001 0184984
005 20231113083020.2
041 0 |a slo 
044 |a SK 
245 1 0 |a Stážisti majú náskok  |c Beáta Ksenzsighová 
520 |a Príležiotosť vidieť, ako to vo firme v skutočnosti funguje, ponúka na Slovensku viacej firiem. Najviac stáží je v adminstratíve, v informačných technológiách a v obchode. Trainee program je určený pre čerstvých absolventov vysokých škôl. Trainee program sa skladá aj z mentoringu manažérom, taktiež zahŕňa prednášky na odborné témy. 
610 2 0 |a práca 
610 2 0 |a trh práce 
610 2 0 |a absolventi 
610 2 0 |a firmy 
100 1 |a Ksenzsighová, Beata